[Event "Floripa Chess Open 2024"]
[Site "Florianopolis"]
[Date "2024.01.24"]
[Round "6.181"]
[White "Guimaraes, Victor Carib Crosla"]
[Black "Rigo, Joanir Fernando"]
[Result "1/2-1/2"]
[WhiteElo "1522"]
[BlackElo "1302"]
[PlyCount "106"]
[EventDate "2024.01.20"]
[EventRounds "10"]
[EventCountry "BRA"]

1. d4 d5 2. Bf4 Nf6 3. e3 c5 4. c3 Nc6 5. Nd2 Qb6 6. Qb3 c4 7. Qc2 Bg4 8. b3 ({
RR} 8. Ngf3 e6 9. h3 Bf5 10. Qc1 Rc8 11. g4 Bg6 12. Nh4 Be7 13. Nxg6 hxg6 14.
Bg2 Qd8 15. Qc2 b5 16. a3 a5 17. Bg3 g5 18. Qd1 Bd6 19. Bxd6 Qxd6 20. e4 Qf4
21. Qf3 Qxf3 22. Bxf3 Ne7 {Sergeev,V (2526)-Potkin,V (2684) Warsaw 2011 0-1 
(49)}) 8... cxb3 9. axb3 ({RR} 9. Qxb3 e6 10. h3 Bf5 11. Ngf3 h6 12. Be2 Be7
13. O-O O-O 14. Rfc1 Na5 15. Qa4 Rfc8 16. Ne5 Ne4 17. Nxe4 Bxe4 18. Bh5 g6 19.
Be2 Kg7 20. f3 Bf5 21. g4 g5 22. gxf5 gxf4 23. fxe6 fxe6 {Pakleza,Z (2498)
-Ljukin,S (2362) chess.com INT 2022 1-0}) 9... Rc8 10. Qa2 $146 ({RR} 10. Qb1
e6 11. Bd3 Be7 12. Ngf3 Bh5 13. b4 a6 14. O-O Bg6 15. e4 dxe4 16. Nxe4 Nxe4 17.
Bxe4 O-O 18. Bxg6 hxg6 19. Qd3 Qb5 20. Qxb5 axb5 21. Nd2 Bf6 22. Ne4 e5 23.
dxe5 Nxe5 24. Ra5 Nd3 {Bruno,F (2421)-Suc,T (2130) Trieste 2013 1-0 (37)}) ({RR
} 10. Qb2 a5 11. Bd3 g6 12. Ngf3 Bg7 13. h3 Bxf3 14. Nxf3 Nd7 15. Be2 e5 16.
Bh2 O-O 17. O-O Rfe8 18. Rfd1 exd4 19. cxd4 Nb4 20. Rac1 Rc6 21. Rc3 Rec8 22.
Rdc1 Bf8 23. Ne5 Nxe5 24. Bxe5 Bg7 {Dresen,U (2315)-Bewersdorff,O (2317)
Germany 2007 1/2-1/2}) 10... e6 11. Be2 Bf5 12. Ngf3 Be7 13. O-O O-O 14. c4 Nh5
15. c5 Qb4 16. Bg3 Nxg3 17. hxg3 b6 18. cxb6 Qxb6 19. Qa6 Bb4 20. Rac1 Ne7 21.
Rxc8 Nxc8 22. Rc1 Ne7 23. Qxb6 axb6 24. Rc7 Ng6 25. Bd1 Ra8 26. Bc2 Ra2 27.
Bxf5 exf5 28. Nf1 Bf8 29. Rb7 Ra6 30. Rb8 f6 31. b4 Ne7 32. b5 Ra1 33. Rxb6 Rb1
34. N3d2 Rb2 35. f4 Nc8 36. Rb8 Nd6 37. b6 Nc4 38. b7 Na5 39. Rd8 Nxb7 40. Rxd5
Nd6 41. Rxd6 Rxd2 42. Rxf6 Rxg2+ 43. Kxg2 gxf6 44. Kf3 h5 45. e4 fxe4+ 46. Kxe4
Kf7 47. f5 Bb4 48. Kd5 Ke7 49. Kc6 Kd8 50. d5 Ke7 51. Ne3 Bd6 52. Nf1 Be5 53.
Kc5 Bd6+ 1/2-1/2

[Event "Floripa Chess Open 2024"]
[Site "Florianopolis"]
[Date "2024.01.24"]
[Round "6.182"]
[White "Da Costa, Carlos Henrique Luz"]
[Black "Alves, Lucas Fernando"]
[Result "1-0"]
[WhiteElo "1520"]
[BlackElo "1216"]
[PlyCount "55"]
[EventDate "2024.01.20"]
[EventRounds "10"]
[EventCountry "BRA"]

1. Nf3 Nf6 2. d4 e6 3. g3 c5 4. e3 Nc6 ({RR} 4... b6 5. Bg2 d5 6. O-O Be7 7. b3
O-O 8. Bb2 Nc6 9. Qe2 c4 10. Ne5 Nxe5 11. dxe5 Nd7 12. e4 Ba6 13. Nd2 Nc5 14.
Qe3 cxb3 15. Rfc1 bxc2 16. exd5 exd5 17. Rxc2 Ne6 18. Rd1 d4 19. Qe4 {Garcia
Palermo,C (2467)-Rodriguez Vila,A (2523) Vicente Lopez 2005 0-1}) ({RR} 4... d5
5. Bg2 Be7 6. Nbd2 O-O 7. O-O b6 8. b3 Nbd7 9. Bb2 Bb7 10. Ne5 Rc8 11. f4 Qc7
12. Rc1 Rfd8 13. Bh3 g6 14. Ndf3 Ne4 15. Nxf7 Kxf7 16. Ng5+ Bxg5 17. fxg5+ Ke7
18. Qg4 Qd6 19. Qh4 {Mahmoody,M (1934)-Liu,Y (1925) Zhengzhou CHN 2019 1/2-1/2
(58)}) 5. Bg2 Qb6 6. O-O $146 ({RR} 6. c3 cxd4 7. exd4 d5 8. O-O Be7 9. Nbd2
O-O 10. Re1 h6 11. Qb3 Bd8 12. Ne5 Bc7 13. Ndf3 Rd8 14. Qc2 Nd7 15. Ng4 Ne7 16.
Nfe5 Nf8 17. h3 Neg6 18. Nxg6 Nxg6 19. Be3 Qd6 20. f4 f5 {Karner,I (1640)
-Hoose,H (1670) Bad Zwischenahn 2003 1/2-1/2}) 6... d5 7. b3 cxd4 8. exd4 g6 9.
Bb2 Bg7 10. Nbd2 O-O 11. c4 Nh5 12. cxd5 exd5 13. Re1 Be6 14. Nf1 Rfe8 15. Ne5
Rac8 16. Rc1 a5 17. Nxc6 Rxc6 18. Rxc6 bxc6 19. Ne3 a4 20. Re2 axb3 21. axb3
Qb5 22. Qc2 Rb8 23. b4 Qxb4 24. Qxc6 Bxd4 25. Nxd5 Qc5 26. Bxd4 Rb1+ 27. Bf1
Qxd4 28. Qe8+ 1-0

[Event "Floripa Chess Open 2024"]
[Site "Florianopolis"]
[Date "2024.01.24"]
[Round "6.183"]
[White "Zottis, Ernani"]
[Black "Santiago, Mauro"]
[Result "0-1"]
[WhiteElo "1335"]
[BlackElo "1516"]
[PlyCount "60"]
[EventDate "2024.01.20"]
[EventRounds "10"]
[EventCountry "BRA"]

1. e4 c5 2. Nc3 d6 3. Bc4 Nf6 4. d3 e6 5. Nge2 Be7 6. O-O O-O 7. f4 Nc6 8. a3
a6 9. Ng3 b5 10. Ba2 Re8 $146 ({RR} 10... Qc7 11. f5 Bd7 12. fxe6 Bxe6 13. Nd5
Qd8 14. c3 Bxd5 15. exd5 Ne5 16. Nf5 Qc7 17. Nxe7+ Qxe7 18. Bg5 h6 19. Bxf6
gxf6 20. Qd2 Kh7 21. Rae1 Qd8 22. Rf5 Rg8 23. Bb1 Rg5 24. d4 Ng6 25. Qf2 {
Ahrens,G-Hinze,J Wingst 1996 1-0 (58)}) 11. Nh5 Nxh5 12. Qxh5 g6 13. Qg4 Nd4
14. Rf2 h5 15. Qh3 d5 16. g3 b4 17. axb4 cxb4 18. Nd1 dxe4 19. dxe4 Nxc2 20.
Rd2 Qb6+ 21. Nf2 Nxa1 22. g4 b3 23. Bb1 e5 24. f5 Bg5 25. Rd1 Bxc1 26. Rxc1 Nc2
27. gxh5 Nd4 28. Qg4 Kg7 29. Bd3 Rh8 30. Bc4 Rxh5 0-1

[Event "Floripa Chess Open 2024"]
[Site "Florianopolis"]
[Date "2024.01.24"]
[Round "6.184"]
[White "Rahn, Marlon Cristiano"]
[Black "Nagel, Yasmin Da Silva"]
[Result "1/2-1/2"]
[WhiteElo "1295"]
[BlackElo "1437"]
[PlyCount "47"]
[EventDate "2024.01.20"]
[EventRounds "10"]
[EventCountry "BRA"]

1. e4 c5 2. Nf3 e6 3. Bc4 a6 4. c3 b5 5. Bb3 Bb7 6. Bc2 Nf6 7. d3 d6 8. O-O Be7
9. Re1 Nbd7 10. Nbd2 $146 ({RR} 10. Bf4 e5 11. Bg3 O-O 12. h3 Re8 13. Nbd2 Qc7
14. c4 Nf8 15. a4 Bc6 16. axb5 axb5 17. cxb5 Rxa1 18. Qxa1 Ra8 19. Qb1 Bxb5 20.
Nc4 Ne6 21. Na3 Ba6 22. Bb3 Nd8 23. Bc4 Qb6 24. Bxa6 Qxa6 {Izquierdo,M (1788)
-Lopez Calderon,A (2075) Montevideo 2016 1/2-1/2 (42)}) 10... O-O 11. Nf1 h6
12. h3 Qb6 13. Be3 a5 14. Qd2 Qd8 15. Ng3 Kh7 16. d4 Ng8 17. e5+ g6 18. exd6
Bxd6 19. Bf4 Bxf4 20. Qxf4 cxd4 21. cxd4 Bxf3 22. Qxf3 Rc8 23. Qd3 Qg5 24. h4
1/2-1/2

[Event "Floripa Chess Open 2024"]
[Site "Florianopolis"]
[Date "2024.01.24"]
[Round "6.185"]
[White "Ribeiro, Erica De Jesus"]
[Black "Carneiro, Cristiana Fiusa"]
[Result "0-1"]
[WhiteElo "1434"]
[BlackElo "1211"]
[PlyCount "80"]
[EventDate "2024.01.20"]
[EventRounds "10"]
[EventCountry "BRA"]

1. e4 c5 2. Nf3 Nc6 3. d4 cxd4 4. Nxd4 d6 5. Nc3 g6 6. Be3 Bg7 7. Qd2 Nf6 8.
O-O-O Ng4 9. Nxc6 bxc6 10. h3 Nxe3 11. Qxe3 Qa5 12. Bc4 O-O 13. f4 Rb8 $146 ({
RR} 13... Ba6 14. Bb3 Bf6 15. g4 Bxc3 16. Qxc3 Qxc3 17. bxc3 Kg7 18. f5 c5 19.
c4 Bb7 20. Rhe1 Bc6 21. Rd2 a5 22. a4 Rab8 23. e5 Rb4 24. exd6 exd6 25. Rxd6
Bxa4 26. Ra6 Bxb3 27. cxb3 Rxb3 28. Kc2 {Hohmeyer,P-Tsynman,A Berlin 1997 1/
2-1/2 (38)}) 14. Bb3 Bb7 15. Rhe1 Ba8 16. Qd2 Qc7 17. Na4 Rb5 18. e5 d5 19. Qc3
e6 20. Qd3 Rfb8 21. c4 Rb4 22. cxd5 cxd5+ 23. Kb1 Rxf4 24. Rc1 Qa5 25. Qc3 Qxc3
26. Rxc3 d4 27. Rc7 Bxg2 28. Rxa7 Bxh3 29. Rd7 Bf5+ 30. Bc2 Bxc2+ 31. Kxc2 d3+
32. Rxd3 Rxa4 33. a3 Ra5 34. Rde3 Rc5+ 35. Rc3 Rxe5 36. Rxe5 Bxe5 37. Rb3 Rxb3
38. Kxb3 h5 39. a4 Bc7 40. Kc4 h4 0-1

[Event "Floripa Chess Open 2024"]
[Site "Florianopolis"]
[Date "2024.01.24"]
[Round "6.187"]
[White "Caetano, Heitor Luiz"]
[Black "Baratieri, Maria Vitoria"]
[Result "1/2-1/2"]
[WhiteElo "1431"]
[BlackElo "1152"]
[PlyCount "104"]
[EventDate "2024.01.20"]
[EventRounds "10"]
[EventCountry "BRA"]

1. e4 e5 2. Nf3 d6 3. Bc4 Be7 4. O-O Nf6 5. d3 O-O 6. Be3 ({RR} 6. Re1 Nbd7 7.
c3 a6 8. a4 b6 9. Nbd2 c6 10. d4 Qc7 11. Bd3 Re8 12. Nf1 Bf8 13. Ng3 g6 14. b3
Bb7 {1/2-1/2 (14) Iordachescu,V (2578)-Nisipeanu,L (2596) Bucharest 2001}) 6...
Nc6 7. Nbd2 ({RR} 7. c3 Be6 8. Nbd2 d5 9. exd5 Nxd5 10. Bxd5 Qxd5 11. d4 exd4
12. cxd4 Bf6 13. Nb3 Bg4 14. h3 Bxf3 15. gxf3 Rad8 16. Bf4 Nxd4 17. Nxd4 Bxd4
18. Bxc7 Rd7 19. Bg3 Qg5 20. Qa4 Qxg3+ 21. Kh1 Qxh3+ {Draganova,Y (1174)
-Dobrislavov,K (1317) Vitosha 2017 0-1 (39)}) 7... a6 $146 ({RR} 7... Be6 8.
Bxe6 fxe6 9. Nc4 Nd7 10. d4 exd4 11. Nxd4 Nxd4 12. Qxd4 e5 13. Qd2 Kh8 14. f4
exf4 15. Rxf4 Nc5 16. Rxf8+ Qxf8 17. Rf1 Qe8 18. Bxc5 dxc5 19. Qd5 b6 20. Qf7
Bf6 21. Rxf6 gxf6 22. Qxf6+ {Staron,M-Kurzepa,B Leba 2009 0-1 (47)}) ({RR} 7...
Ng4 8. Bg5 Bxg5 9. Nxg5 Qxg5 10. Nf3 Qh5 11. h4 Nd4 12. g3 Qg6 13. c3 Nxf3+ 14.
Qxf3 Nh6 15. h5 Qg5 16. Rfd1 Bg4 {0-1 (16) Kretzer,E (753)-Puke,C (1539)
Germany 2007}) 8. c3 d5 9. exd5 Nxd5 10. d4 b5 11. Bxd5 Qxd5 12. dxe5 Nxe5 13.
Nxe5 Qxe5 14. Nf3 Qd6 15. Qc2 Bb7 16. Rad1 Qe6 17. b3 Bxf3 18. gxf3 Qh3 19. Qe4
Bd6 20. Bf4 Rfe8 21. Qd4 Qxf3 22. Bxd6 cxd6 23. Rd3 Qc6 24. Qxd6 Rac8 25. Qxc6
Rxc6 26. Rfd1 g6 27. Rf3 Kg7 28. Rd7 Rf6 29. Rxf6 Kxf6 30. Rd6+ Re6 31. Rxe6+
Kxe6 32. Kg2 Kd5 33. Kf3 Ke5 34. h4 f6 35. Ke3 Kd5 36. Kd3 h6 37. Ke3 g5 38.
hxg5 fxg5 39. Kf3 h5 40. Ke3 h4 41. Kf3 h3 42. Kg3 g4 43. f3 gxf3 44. Kxf3 h2
45. Kg2 Ke4 46. c4 bxc4 47. bxc4 Kd4 48. Kxh2 Kxc4 49. Kg2 Kc3 50. Kf2 a5 51.
Ke2 Kb2 52. a4 Kc2 1/2-1/2

[Event "Floripa Chess Open 2024"]
[Site "Florianopolis"]
[Date "2024.01.24"]
[Round "6.188"]
[White "Pontes, Luiz Felizola Lima"]
[Black "Ferrari, Theo Schoroeder San"]
[Result "1/2-1/2"]
[WhiteElo "1430"]
[BlackElo "1800"]
[PlyCount "84"]
[EventDate "2024.01.20"]
[EventRounds "10"]
[EventCountry "BRA"]

1. e4 c5 2. Nf3 d6 3. d4 cxd4 4. Nxd4 Nf6 5. f3 g6 6. c4 Bg7 7. Nc3 O-O 8. Be3
Nc6 9. Qd2 Nxd4 10. Bxd4 Bd7 11. Be2 a6 12. O-O Rb8 ({RR} 12... Qa5 13. c5 e5
14. Be3 dxc5 15. Rfd1 Bc6 16. Nd5 Qxd2 17. Rxd2 Bxd5 18. exd5 Rfd8 19. Rad1 Nd7
20. d6 Rac8 21. a4 Bf8 22. a5 Rc6 23. Bc4 Nf6 24. Bg5 Kg7 25. Bd5 Rcxd6 26.
Bxb7 Rd4 27. Be3 {Grabarczyk,B (2419)-Ikonnikov,V (2558) Frankfurt 2004 1/2-1/
2 (66)}) ({RR} 12... Rc8 13. Rfc1 Bc6 14. Rab1 Qd7 15. Bb6 Nh5 16. g4 Nf6 17.
b4 Qe6 18. Nd5 Bxd5 19. cxd5 Qd7 20. Rxc8 Rxc8 21. Rc1 Rxc1+ 22. Qxc1 h5 23. h3
hxg4 24. hxg4 Ne8 25. Qc2 Be5 26. a4 Kg7 27. b5 {Josse,M (2235)-Necula,I (1890)
chess.com INT 2021 1-0 (49)}) 13. a4 Ne8 14. a5 $146 ({RR} 14. Ba7 Ra8 15. Qe3
Bxc3 16. bxc3 Ng7 17. f4 Qc8 18. a5 Bc6 19. Bb6 Qe6 20. Bd3 f5 21. e5 dxe5 22.
fxe5 Rac8 23. Bb1 Kh8 24. Ba2 Be4 25. Qg3 Nh5 26. Qe3 Ng7 27. Qg3 Nh5 28. Qe3
Ng7 {Grafl,F-Gerland,F Bensheim 1997 1/2-1/2}) 14... Bxd4+ 15. Qxd4 b6 16. axb6
Qxb6 17. Qxb6 Rxb6 18. Rfb1 Nc7 19. Nd5 Nxd5 20. cxd5 Ra8 21. b4 Bb5 22. Bxb5
Rxb5 23. Ra5 Kg7 24. Rba1 Rxb4 25. Rxa6 Rxa6 26. Rxa6 Rb2 27. h4 h5 28. Ra3 Kf6
29. Kh2 e6 30. dxe6 fxe6 31. Kg3 d5 32. exd5 exd5 33. Rd3 Ke5 34. Rd1 d4 35.
Rd3 Rc2 36. Rd1 Kd5 37. Rd3 Kc4 38. Rd1 Kc3 39. Kf4 Rd2 40. Rc1+ Kd3 41. g4 Rg2
42. gxh5 gxh5 1/2-1/2

[Event "Floripa Chess Open 2024"]
[Site "Florianopolis"]
[Date "2024.01.24"]
[Round "6.189"]
[White "Cardozo, Camila"]
[Black "Salomoni, Lorenzo"]
[Result "1-0"]
[WhiteElo "1426"]
[BlackElo "1800"]
[PlyCount "67"]
[EventDate "2024.01.20"]
[EventRounds "10"]
[EventCountry "BRA"]

1. d4 Nf6 2. Nf3 g6 3. c4 Bg7 4. Nc3 O-O 5. e4 d6 6. Be2 Re8 7. O-O Nbd7 8. Qc2
({RR} 8. e5 dxe5 9. dxe5 Ng4 10. e6 Nde5 11. exf7+ Nxf7 12. Qxd8 Rxd8 13. Nd5
Rd7 14. Ng5 Nf6 15. Ne6 Nxd5 16. cxd5 Rxd5 17. Nxc7 Re5 18. Be3 Rb8 19. Bxa7
Rxe2 20. Bxb8 Bxb2 21. Rae1 Rxe1 22. Rxe1 e5 {Chuchelov,V (2540)-Meyer,F (2065)
Berlin 1998 1-0 (38)}) 8... c6 ({RR} 8... a5 9. b3 e5 10. dxe5 dxe5 11. Rd1 c6
12. Ba3 Bf8 13. Bxf8 Kxf8 14. a3 Qc7 15. b4 b6 16. Qd2 Kg7 17. h3 h5 18. Qg5
axb4 19. axb4 Rxa1 20. Rxa1 Qd6 21. b5 c5 22. Rd1 Qf8 23. Nh4 {Pribyl,J (1960)
-Paulovic,M (1821) Ricany 2016 1-0}) 9. Rd1 Qc7 10. d5 $146 ({RR} 10. Bg5 a6
11. Rac1 b5 12. cxb5 cxb5 13. b4 Bb7 14. Qd3 Qb8 15. d5 e6 16. dxe6 Rxe6 17.
Nd2 Qe8 18. f3 d5 19. exd5 Nxd5 20. Nxd5 Bxd5 21. Qxd5 Re5 22. Qc6 Rxe2 23. Ne4
Ne5 24. Qd5 Nc4 {Ewin,H (2049)-Marx,R (1558) Passau 2000 1-0 (41)}) ({RR} 10.
Be3 Ng4 11. Bf4 e5 12. Bg3 h5 13. h3 Ngf6 14. Rac1 Bh6 15. Rb1 b6 16. b3 a6 17.
a4 a5 18. dxe5 dxe5 19. b4 axb4 20. Rxb4 Nc5 21. Ne1 Nfd7 22. Nf3 f6 23. Rdb1
Bf8 24. R4b2 Ne6 {Kethro,M (1785)-Choong,M (1940) Cammeray 2013 0-1 (43)})
10... cxd5 11. exd5 Nc5 12. Nb5 Qd8 13. Nbd4 e6 14. dxe6 Nxe6 15. Nb3 Qc7 16.
Nfd4 a6 17. Bf3 Nc5 18. Be3 Bg4 19. h3 Bxf3 20. Nxf3 Rad8 21. Rac1 Nfd7 22.
Nbd4 Ne5 23. b4 Nxf3+ 24. Nxf3 Ne6 25. Qb3 b6 26. Rd5 Rd7 27. Qd3 Red8 28. Qd2
h5 29. Bh6 Kh7 30. Bxg7 Kxg7 31. Nh4 g5 32. Rxg5+ Nxg5 33. Qxg5+ Kf8 34. Qf6
1-0

[Event "Floripa Chess Open 2024"]
[Site "Florianopolis"]
[Date "2024.01.24"]
[Round "6.190"]
[White "Altenhofen, Guilherme Graneto"]
[Black "Turci, Vivian Da Silva"]
[Result "1-0"]
[WhiteElo "1425"]
[BlackElo "1800"]
[PlyCount "91"]
[EventDate "2024.01.20"]
[EventRounds "10"]
[EventCountry "BRA"]

1. e4 e5 2. Nf3 Nc6 3. Bc4 Bc5 4. O-O Nf6 5. d3 h6 6. Nc3 O-O 7. Be3 Bb6 8. h3
d6 9. Nd5 Nxd5 10. Bxd5 Ne7 11. Bb3 ({RR} 11. Nh2 Nxd5 12. exd5 f5 13. Bxb6
axb6 14. f4 Qf6 15. c3 exf4 16. Rxf4 Qe5 17. Qf3 Bd7 18. d4 Qe7 19. Qd3 Ra4 20.
b4 Ra3 21. Qd2 Re8 22. Rf2 Qe3 23. Rc1 Qxd2 24. Rxd2 Re3 25. c4 Rad3 {Matejov,
J (2219)-Palider,P (2117) Slovakia 2008 1/2-1/2 (42)}) 11... Be6 ({RR} 11...
Ng6 12. Re1 Kh7 13. d4 f5 14. exf5 Bxf5 15. dxe5 Bxe3 16. Rxe3 dxe5 17. Re1 Qf6
18. Qd5 c6 19. Qc5 b6 20. Qc3 Bxh3 21. Nxe5 Qxf2+ {0-1 (21) Mohammed Mansour
Al Qassabi (1216)-Nzabanita,J (1771) chess.com INT 2021}) 12. Qd2 Ng6 $146 ({RR
} 12... Kh7 13. Nh2 Ng6 14. Bxe6 fxe6 15. g3 Qf6 16. Ng4 Qf3 17. Bxb6 axb6 18.
Qe3 h5 19. Qxf3 Rxf3 20. Nh2 Rf7 21. h4 Raf8 22. c3 Ne7 23. d4 exd4 24. cxd4
Nc6 25. Rad1 e5 26. dxe5 Nxe5 27. Kg2 {Schelfhout Melin,M (1850)-Moret,F (1920)
France 2009 1-0}) 13. Rad1 Qe7 14. c3 Bxb3 15. axb3 Qe6 16. b4 f5 17. Bxb6 axb6
18. exf5 Qxf5 19. Ra1 Nf4 20. Rxa8 Rxa8 21. Ne1 Qg5 22. Qe3 Ra2 23. b3 Ra3 24.
Kh2 Rxb3 25. d4 Ne6 26. Qxg5 Nxg5 27. dxe5 dxe5 28. Nd3 Rxc3 29. Nxe5 Rb3 30.
Rc1 Ne6 31. Rc4 Kf8 32. Re4 Ke7 33. f4 Kf6 34. Nd7+ Kf7 35. Ne5+ Kf6 36. Nd7+
Ke7 37. Nxb6 cxb6 38. f5 Rc3 39. Rxe6+ Kf7 40. Rxb6 Rc7 41. Kg3 Rc3+ 42. Kh4
Rc7 43. g4 Rd7 44. b5 Rc7 45. g5 hxg5+ 46. Kxg5 1-0

[Event "Floripa Chess Open 2024"]
[Site "Florianopolis"]
[Date "2024.01.24"]
[Round "6.191"]
[White "Goncalves, Eduardo Moutinho"]
[Black "Candido, Eduardo Da Silva"]
[Result "1-0"]
[WhiteElo "1414"]
[BlackElo "1792"]
[PlyCount "107"]
[EventDate "2024.01.20"]
[EventRounds "10"]
[EventCountry "BRA"]

1. e4 c5 2. Nf3 d6 3. d4 cxd4 4. Nxd4 Nf6 5. Nc3 a6 6. Bc4 e5 7. Nf3 Be7 8. O-O
O-O 9. Re1 ({RR} 9. Bg5 Nbd7 10. Qd2 b5 11. Bb3 Bb7 12. Bxf6 Nxf6 13. Rfe1 Rc8
14. Re2 Rxc3 15. Qxc3 Nxe4 16. Qe3 Nc5 17. Rd1 Qa8 18. Ne1 a5 19. c3 Kh8 20. f4
a4 21. Bc2 e4 22. b4 axb3 23. axb3 d5 {Melnikov,D (2348)-Nikolaev,N (2410) St
Petersburg 2006 0-1 (34)}) ({RR} 9. h3 b5 10. Bd5 Ra7 11. Be3 Rd7 12. b4 Qc7
13. Qd2 Bb7 14. a4 bxa4 15. Rxa4 Rc8 16. Ra3 Bf8 17. Rc1 Nc6 18. b5 axb5 19.
Nxb5 Qd8 20. Bg5 Be7 21. Bxf6 Bxf6 22. c4 g6 23. Rd3 Be7 {Kindler,P (2018)
-Kozak,A (2356) Katowice POL 2021 0-1 (58)}) 9... b5 10. Bb3 Bb7 11. Nd5 Nbd7
$146 ({RR} 11... Nxd5 12. Bxd5 Nc6 13. Be3 Rc8 14. a4 b4 15. a5 Qc7 16. Re2 h6
17. Qd2 Bf6 18. Bb6 Qd7 19. Rd1 Nd4 20. Nxd4 Bxd5 21. exd5 exd4 22. Qxb4 Qf5
23. c4 dxc3 24. bxc3 Rxc3 25. Qxd6 Rd3 26. Rxd3 {Groetz,H (2299)-Weissenbeck,M
(2254) Austria 2005 0-1 (62)}) 12. Qd3 Nc5 13. Qd1 Nxb3 14. axb3 Nxd5 15. exd5
Rc8 16. Be3 f5 17. Qe2 f4 18. Bc1 b4 19. Qd3 Rc5 20. Rd1 Kh8 21. Qe4 Qa8 22.
Qxb4 Bxd5 23. Ne1 Bb7 24. c4 Rb8 25. Qa4 Rd8 26. Bd2 Rc6 27. Bb4 Qc8 28. Qa3
Rd7 29. Rd2 Qb8 30. Rad1 Qd8 31. Nf3 Bf6 32. Bxd6 e4 33. Bxf4 Rxd2 34. Rxd2 Qe8
35. Re2 Re6 36. Nd2 Be7 37. Qa1 Bc5 38. Qe1 Qg6 39. g3 Qf5 40. Nf1 g5 41. Be3
Qf3 42. Nd2 Qf5 43. Bxc5 Qxc5 44. Re3 h5 45. Qe2 h4 46. Qg4 Rf6 47. Qd7 Qa5 48.
Nxe4 Qa1+ 49. Kg2 Bxe4+ 50. Rxe4 Rxf2+ 51. Kxf2 Qxb2+ 52. Re2 hxg3+ 53. hxg3
Qf6+ 54. Kg2 1-0

[Event "Floripa Chess Open 2024"]
[Site "Florianopolis"]
[Date "2024.01.24"]
[Round "6.192"]
[White "De Oliveira, Ricardo W Lima"]
[Black "Arosteguy, Vitor Augusto Colac"]
[Result "0-1"]
[WhiteElo "1800"]
[BlackElo "1385"]
[PlyCount "65"]
[EventDate "2024.01.20"]
[EventRounds "10"]
[EventCountry "BRA"]

1. d4 d5 2. Nf3 e6 3. Bf4 Bd6 4. Bg5 f6 5. Bh4 Nh6 6. e3 Nf5 7. Bd3 Nxh4 8.
Nxh4 O-O $146 ({RR} 8... Qe7 9. Qh5+ Kd7 10. c4 Qe8 11. Qg4 g5 12. c5 Be7 13.
Nf3 h5 14. Qg3 h4 15. Qg4 Nc6 16. Bb5 a6 17. Ba4 b5 18. cxb6 cxb6 19. Bxc6+
Kxc6 20. Nfd2 Qg6 21. Qd1 Bd7 22. Na3 Kb7 23. Qc2 {Gulyas,Z (2080)-Maraczi,E 
(2115) Hungary 1997 1/2-1/2 (68)}) ({RR} 8... Ke7 9. f4 f5 10. Nd2 Qf8 11. Qe2
Nd7 12. Nhf3 Nf6 13. Ne5 Bd7 14. O-O Be8 15. c4 c6 16. cxd5 cxd5 17. Rfc1 Bh5
18. Qf2 Rc8 19. Nb3 Rxc1+ 20. Rxc1 Qa8 21. Qc2 Rd8 22. Na5 Be8 23. Qb3 {
Gafke,M (1764)-Walther,K (1623) Baiersbronn 1998 1/2-1/2}) ({RR} 8... g6 9. Nd2
e5 10. g3 e4 11. Bf1 Be6 12. Qe2 Qd7 13. h3 g5 14. Ng2 h5 15. h4 Bg4 16. Qb5 c6
17. Qb3 Bf3 18. c3 Qc7 19. hxg5 fxg5 20. Qc2 Rh6 21. Qb3 Bxg3 22. Qc2 Bd6 23.
Nxf3 {Sukhareva,V (1899)-Tryapitsyna,M Moscow 2012 0-1 (45)}) 9. Qh5 f5 10. Nd2
Nd7 11. Nhf3 Nf6 12. Qh4 Be7 13. Ne5 Ng4 14. Qh5 Nxe5 15. dxe5 Bd7 16. O-O-O c5
17. c3 c4 18. Bc2 b5 19. g4 Be8 20. Qh3 b4 21. Nb1 Rb8 22. gxf5 exf5 23. Bxf5
Rxf5 24. Qxf5 Bg6 25. Qe6+ Bf7 26. Qg4 bxc3 27. Nxc3 Qb6 28. Rd2 Qb4 29. Rg1
Bg6 30. Qd4 Qc5 31. Qxd5+ Qxd5 32. Rxd5 Bd3 33. e6 0-1

[Event "Floripa Chess Open 2024"]
[Site "Florianopolis"]
[Date "2024.01.24"]
[Round "6.193"]
[White "Mantovani, Helio Cardoso"]
[Black "Kipper, Celso"]
[Result "0-1"]
[WhiteElo "1382"]
[BlackElo "1800"]
[PlyCount "146"]
[EventDate "2024.01.20"]
[EventRounds "10"]
[EventCountry "BRA"]

1. e4 e5 2. Nc3 Nc6 3. g3 Nf6 4. Bg2 b6 5. Nge2 Bb7 6. d3 Bc5 $146 ({RR} 6...
Be7 7. O-O O-O 8. h3 Re8 9. Kh2 Rc8 10. Be3 Nb8 11. f4 d6 12. Qd2 g6 13. Rf2
Bf8 14. Raf1 Bg7 15. fxe5 dxe5 16. Bg5 Nbd7 17. Kh1 c5 18. Nd5 Re6 19. Nec3 a6
20. h4 h6 21. Bxf6 {Glazier,L-Khonji,A Luzern 1982 1-0 (47)}) ({RR} 6... Bb4 7.
O-O O-O 8. h3 d6 9. f4 a6 10. Kh2 Ne7 11. Be3 h6 12. Qd2 Kh7 13. fxe5 Nfg8 14.
exd6 Bxd6 15. Bf4 f6 16. Bxd6 cxd6 17. Nd4 Qd7 18. h4 Nc6 19. Bh3 Qe8 20. Ne6
Rf7 21. Nd5 {Mieles Palau,D-Gonzalez Sanchez,F Latacunga 1998 1-0}) 7. h3 O-O
8. Be3 Bxe3 9. fxe3 Ne7 10. O-O d5 11. exd5 Nexd5 12. Nxd5 Nxd5 13. Qd2 Rb8 14.
Rad1 Qe7 15. e4 Nf6 16. g4 Rbd8 17. Ng3 Bc8 18. Rf2 Ne8 19. Rdf1 f6 20. g5 c5
21. Nh5 Rd6 22. Qe3 g6 23. gxf6 Qf7 24. Ng3 Rxf6 25. Rxf6 Nxf6 26. Kh2 Qg7 27.
Qg5 h6 28. Qe3 Kh7 29. Kg1 Rg8 30. Qf2 Rf8 31. a4 h5 32. b3 h4 33. Ne2 g5 34.
Nc3 Be6 35. Nd5 Nd7 36. Qe1 Rxf1+ 37. Kxf1 Kg6 38. Qf2 Nf6 39. Nxf6 Qxf6 40.
Qxf6+ Kxf6 41. Kf2 Ke7 42. Ke3 Kd6 43. Kd2 Kc6 44. c4 Kb7 45. Kc3 Bd7 46. Kb2
Ka6 47. Kc3 Ka5 48. Bf1 Ka6 49. Bg2 Kb7 50. Kd2 a6 51. Kc3 Kc7 52. Kd2 Kd6 53.
Ke3 Ke7 54. Kf3 Kf6 55. Bf1 Kg6 56. Bg2 Kh5 57. Kf2 g4 58. hxg4+ Bxg4 59. Bf3
Kg5 60. Bxg4 Kxg4 61. Kg2 h3+ 62. Kh2 a5 63. Kg1 Kf3 64. Kh2 Ke3 65. Kxh3 Kxd3
66. Kg3 Kxe4 67. Kf2 Kd3 68. Ke1 e4 69. Kd1 Kc3 70. Ke2 Kxb3 71. Ke3 Kxc4 72.
Kxe4 Kb4 73. Kd3 Kxa4 0-1

[Event "Floripa Chess Open 2024"]
[Site "Florianopolis"]
[Date "2024.01.24"]
[Round "6.194"]
[White "Dos Santos, Rafaela Alves"]
[Black "Garcia Cruz, Luis Manuel"]
[Result "0-1"]
[WhiteElo "1800"]
[BlackElo "1381"]
[PlyCount "106"]
[EventDate "2024.01.20"]
[EventRounds "10"]
[EventCountry "BRA"]

1. e4 e6 2. d4 d5 3. exd5 exd5 4. Nf3 Bd6 5. Bd3 Nc6 6. O-O Nge7 7. Re1 Bg4 8.
c3 O-O 9. Nbd2 Qd7 10. Nf1 Rfe8 ({RR} 10... Bf5 11. Ne3 Bxd3 {1/2-1/2 (11)
Makarichev,S (2540)-Dolmatov,S (2615) Kazan 1995}) ({RR} 10... Bf5 11. Ne5 Bxe5
12. dxe5 Rae8 13. Bg5 Bxd3 14. Qxd3 Ng6 15. Red1 Rxe5 16. f4 Ree8 17. f5 Nge5
18. Qg3 f6 19. Bh6 Kh8 20. Bf4 Ne7 21. Ne3 c6 22. Qh3 Ng8 23. Rd4 g5 24. Bxe5
fxe5 25. Ra4 {Devallee,J (2270)-Bauer,C (2640) Vandoeuvre les Nancy FRA 2021
0-1 (33)}) 11. Ng3 Ng6 $146 ({RR} 11... Nf5 12. Rxe8+ Rxe8 13. Nxf5 Bxf5 14.
Bxf5 Qxf5 15. Be3 Bf4 16. Bxf4 Qxf4 {1/2-1/2 (16) Hevia Alejano,C (2512)-Ruiz
Castillo,J (2399) Bogota 2013}) 12. Rxe8+ Rxe8 13. Bd2 Nh4 14. Be2 Nxf3+ 15.
Bxf3 Bxf3 16. Qxf3 Bf8 17. h4 Nd8 18. Nh5 c6 19. Qg3 Qd6 20. Bf4 Qg6 21. Qf3
Ne6 22. Bg3 Qe4 23. Qxe4 dxe4 24. Re1 f5 25. Be5 Kf7 26. Re3 Be7 27. g3 g6 28.
Nf4 Nxf4 29. Bxf4 Rd8 30. b4 Rd5 31. Be5 Bf6 32. c4 Rd8 33. Kg2 Bxe5 34. dxe5
Rd4 35. Rc3 Ke6 36. f4 exf3+ 37. Kxf3 Kxe5 38. a3 Re4 39. Rc2 h6 40. c5 Kd5 41.
Rd2+ Rd4 42. Re2 Rd3+ 43. Re3 Rxe3+ 44. Kxe3 g5 45. h5 Kc4 46. Kd2 Kb3 47. Ke3
Kxa3 48. Kd4 Kxb4 49. Ke5 f4 50. gxf4 gxf4 51. Kxf4 a5 52. Kf5 a4 53. Kg6 a3
0-1